[Event "WYCC U16 Open 2013"]
[Site "Al-Ain UAE"]
[Date "2013.12.21"]
[Round "4.48"]
[White "Gorbanovsky, Oleg"]
[Black "Li, Xiang Wei  William"]
[Result "1-0"]
[WhiteElo "2147"]
[BlackElo "1846"]
[WhiteFideId "13903829"]
[BlackFideId "4303300"]
[EventDate "2013.12.18"]

1. e4 c5 2. Nf3 d6 3. d4 Nf6 4. Nc3 cxd4 5. Qxd4 Nc6 6. Bb5 Bd7 7. Bxc6 Bxc6 8.
Bg5 e6 9. Qd3 Qb6 10. O-O Qxb2 11. Bxf6 gxf6 12. Nd5 Bxd5 13. exd5 Rc8 14. Rfb1
Qxc2 15. Qxc2 Rxc2 16. Rxb7 e5 17. Rxa7 Be7 18. Nh4 Bd8 19. Nf5 O-O 20. Ra6 Bc7
21. Rb1 Rd2 22. g3 Re8 23. Rb7 h5 24. Rxc7 Rb8 25. Nxd6 Rbb2 26. Ra8+ Kg7 27.
Rxf7+ Kh6 1-0

[Event "WYCC U16 Open 2013"]
[Site "Al-Ain UAE"]
[Date "2013.12.21"]
[Round "4.49"]
[White "Rohan, Ahuja"]
[Black "Ostapchik, Anton"]
[Result "1-0"]
[WhiteElo "2128"]
[BlackElo "1897"]
[WhiteFideId "5090598"]
[BlackFideId "13509705"]
[EventDate "2013.12.18"]

1. Nf3 Nf6 2. g3 d5 3. Bg2 c6 4. O-O Bg4 5. d3 Nbd7 6. Qe1 e5 7. e4 Bd6 8. h3
Bh5 9. Nh4 O-O 10. Nf5 Bc7 11. Nc3 Bg6 12. Nh4 dxe4 13. dxe4 Qe7 14. Nxg6 hxg6
15. Be3 Bb6 16. Rd1 Bxe3 17. Qxe3 Qc5 18. Qe2 Qb4 19. Rb1 Nb6 20. a3 Qc5 21.
Rfd1 Rfd8 22. Rd3 Rd4 23. Rbd1 Rad8 24. Bf1 Rxd3 25. Rxd3 Rxd3 26. Qxd3 Qd4 27.
Kg2 Qxd3 28. Bxd3 Kf8 29. f4 exf4 30. gxf4 Ke7 31. Kf3 a5 32. Ke3 Nfd7 33. b4
axb4 34. axb4 c5 35. b5 f6 36. h4 Kd6 37. Be2 Nf8 38. Bg4 Nh7 39. Kd3 Nf8 40.
e5+ fxe5 41. Ne4+ Ke7 42. fxe5 Nfd7 43. Bxd7 Nxd7 44. Kc4 Nxe5+ 45. Kxc5 Nd7+
46. Kd4 b6 47. c4 Nf6 48. Nc3 Kd6 49. Nd5 Nh7 50. Nxb6 g5 51. c5+ Kc7 52. Nd5+
Kb8 53. c6 gxh4 54. b6 Nf8 55. Ne7 Ne6+ 56. Ke5 Nc7 57. Kd6 1-0

[Event "WYCC U16 Open 2013"]
[Site "Al-Ain UAE"]
[Date "2013.12.21"]
[Round "4.52"]
[White "Repka, Christopher"]
[Black "Shumskis, Aleksandrs"]
[Result "1-0"]
[WhiteElo "2391"]
[BlackElo "1849"]
[WhiteFideId "14918781"]
[BlackFideId "11602414"]
[EventDate "2013.12.18"]

1. d4 Nf6 2. Nf3 e6 3. Bf4 Nc6 4. e3 d6 5. c4 g6 6. Nc3 Bg7 7. Be2 O-O 8. O-O h6
9. h3 Nd7 10. d5 exd5 11. cxd5 Nce5 12. Nd4 Nb6 13. Rc1 a6 14. a4 Bd7 15. a5 Nc8
16. Bg3 f5 17. Qb3 Ne7 18. f4 Nf7 19. Ne6 Bxe6 20. dxe6 Nh8 21. Bh4 Bxc3 22.
Rxc3 Rb8 23. e4 c6 24. exf5 gxf5 25. Rg3+ Kh7 26. Qc3 Nhg6 27. Bh5 1-0

[Event "WYCC U16 Open 2013"]
[Site "Al-Ain UAE"]
[Date "2013.12.21"]
[Round "4.53"]
[White "Motovilnik, Jurij"]
[Black "Micottis, Dorian"]
[Result "0-1"]
[WhiteElo "1860"]
[BlackElo "2097"]
[WhiteFideId "13507273"]
[BlackFideId "26021986"]
[EventDate "2013.12.18"]

1. Nf3 Nf6 2. b3 g6 3. Bb2 Bg7 4. c4 d6 5. d4 O-O 6. Nc3 Nbd7 7. e4 e5 8. Be2
Re8 9. d5 Nh5 10. O-O Nf4 11. Ne1 f5 12. Nd3 Nxd3 13. Qxd3 Nf6 14. Rae1 f4 15.
b4 a5 16. a3 Bf8 17. Ra1 g5 18. f3 h5 19. h3 g4 20. hxg4 hxg4 21. fxg4 Nxg4 22.
Bxg4 Bxg4 23. Ne2 Qh4 24. Bc3 Re7 25. Be1 Qh5 26. Ra2 Rh7 27. bxa5 Qh2+ 28. Kf2
f3 29. Rg1 fxe2 30. a6 Rf7+ 31. Qf3 Rxf3+ 32. Kxe2 Rxa3+ 33. Kf1 Rxa2 34. axb7
Qf4+ 0-1

[Event "WYCC U16 Open 2013"]
[Site "Al-Ain UAE"]
[Date "2013.12.21"]
[Round "4.54"]
[White "Minald, Andrey"]
[Black "Lekic, Lazar"]
[Result "1/2-1/2"]
[WhiteElo "1848"]
[BlackElo "2071"]
[WhiteFideId "13506854"]
[BlackFideId "900052"]
[EventDate "2013.12.18"]

1. d4 d5 2. c4 dxc4 3. Nc3 a6 4. e3 Nf6 5. Bxc4 Nc6 6. Nf3 Bg4 7. O-O e6 8. h3
Bh5 9. a3 Bd6 10. b4 O-O 11. Bb2 e5 12. d5 Ne7 13. e4 Nd7 14. Be2 f5 15. exf5
Bxf3 16. Bxf3 Nxf5 17. Bg4 Nb6 18. Qd3 Qf6 19. Rac1 Qf7 20. Rfd1 h5 21. Bxf5
Qxf5 22. Qxf5 Rxf5 23. Ne4 a5 24. Bc3 Nc4 25. Nxd6 cxd6 26. Be1 b5 27. bxa5 Nxa5
28. Rb1 1/2-1/2

[Event "WYCC U16 Open 2013"]
[Site "Al-Ain UAE"]
[Date "2013.12.21"]
[Round "4.55"]
[White "Yang, ching Wei, Austin"]
[Black "Grunau, Christoph"]
[Result "1/2-1/2"]
[WhiteElo "1824"]
[BlackElo "2066"]
[WhiteFideId "16300440"]
[BlackFideId "12929760"]
[EventDate "2013.12.18"]

1. e4 c5 2. Nf3 d6 3. c3 Nf6 4. Be2 Nc6 5. d4 cxd4 6. cxd4 e6 7. Nc3 d5 8. e5
Ne4 9. O-O Be7 10. Bd3 f5 11. exf6 Nxf6 12. Ne5 Nxd4 13. Qa4+ Nc6 14. Bb5 Bd7
15. Nxc6 bxc6 16. Bxc6 Rc8 17. Bxd7+ Qxd7 18. Be3 Bc5 19. Bxc5 Rxc5 20. Qb4 Rc4
21. Qb8+ Rc8 22. Qe5 Kf7 23. Ne2 Qc7 24. f4 Ne4 25. Nd4 Qxe5 26. fxe5+ Ke7 27.
Rac1 Nc5 28. b4 Nd3 29. Nc6+ Ke8 30. Rcd1 Rxc6 31. Rxd3 Rf8 32. Ra3 Rxf1+ 33.
Kxf1 a6 34. Ke1 Kf7 35. Kd2 Rc4 36. Rxa6 Rxb4 37. Ra7+ Kg6 38. Ke3 Re4+ 39. Kf3
Rxe5 40. a4 Re4 41. a5 Ra4 42. a6 Kf6 43. h3 h5 44. Ra8 Ra3+ 45. Ke2 Ke5 46. a7
Ke4 47. Re8 Ra2+ 48. Ke1 Rxa7 49. Rxe6+ Kd3 50. Re5 d4 51. Rxh5 Re7+ 52. Kd1 Ra7
53. Ke1 Ra1+ 54. Kf2 Ra6 55. Rg5 Rf6+ 56. Ke1 Re6+ 57. Kd1 g6 58. Rg3+ Ke4 59.
Kd2 Ra6 60. Rg4+ Ke5 61. Kd3 Ra3+ 62. Kd2 Ra2+ 63. Kd3 Ra3+ 64. Kd2 1/2-1/2

[Event "WYCC U16 Open 2013"]
[Site "Al-Ain UAE"]
[Date "2013.12.21"]
[Round "4.56"]
[White "Rimawy, Hosam"]
[Black "Liu, Zhaoqi"]
[Result "0-1"]
[WhiteElo "1781"]
[BlackElo "2061"]
[WhiteFideId "8103798"]
[BlackFideId "8609381"]
[EventDate "2013.12.18"]

1. e4 e6 2. d4 d5 3. Nc3 Bb4 4. Ne2 dxe4 5. a3 Be7 6. Nxe4 Nf6 7. N2c3 O-O 8.
Be3 Nc6 9. Qd2 a6 10. Rd1 Nd5 11. Bd3 f5 12. Nxd5 Qxd5 13. c4 Qd8 14. Nc3 Nxd4
15. Nd5 exd5 16. Bxd4 c5 17. Be5 Bf6 18. Bxf6 Rxf6 19. cxd5 Qxd5 20. O-O Be6 21.
Qc3 Qc6 22. Rfe1 Kh8 23. Rc1 Rc8 24. Re5 Bd5 25. Rxf5 Rxf5 26. Bxf5 Rd8 27. Bh3
c4 28. Qd4 h6 29. Rd1 Re8 30. f3 Be6 31. Bxe6 Qxe6 32. Qd2 b5 33. Kf2 Qb6+ 34.
Qd4 Qe6 35. Qd2 a5 36. Re1 Qb6+ 37. Kf1 Rd8 38. Qe3 Qd6 39. Qe5 Qd3+ 40. Qe2 Qg6
41. Qe4 Qd6 42. Qe5 Qd3+ 43. Qe2 Kg8 44. Kf2 Qd4+ 45. Kf1 Qd3 46. Kf2 Qxe2+ 47.
Rxe2 Kf7 48. Re5 Rd2+ 49. Re2 Rd5 50. Ke3 Re5+ 51. Kd2 Rxe2+ 52. Kxe2 Ke6 53.
Ke3 Kd5 54. h4 g6 55. g4 h5 56. gxh5 gxh5 57. f4 a4 58. Kd2 Ke4 59. Kc3 Kxf4 60.
Kb4 Kg4 61. Kxb5 Kxh4 62. Kxa4 Kg5 63. Kb5 h4 64. Kxc4 h3 65. b4 h2 66. a4 h1=Q
67. Kb5 Qh7 68. Ka5 Kf5 69. b5 Ke5 70. b6 Kd5 71. Kb5 Qb1+ 72. Ka5 Kc6 73. b7
Qb6# 0-1

[Event "WYCC U16 Open 2013"]
[Site "Al-Ain UAE"]
[Date "2013.12.21"]
[Round "4.57"]
[White "Montilli, Vincenzo"]
[Black "Ahmed, Fareed"]
[Result "0-1"]
[WhiteElo "2039"]
[BlackElo "1766"]
[WhiteFideId "883913"]
[BlackFideId "9303677"]
[EventDate "2013.12.18"]

1. d4 Nf6 2. c4 e6 3. Nc3 Bb4 4. Qc2 c5 5. dxc5 Na6 6. Bd2 Nxc5 7. e3 O-O 8. Nf3
d6 9. Be2 Bxc3 10. Bxc3 Nce4 11. O-O Nxc3 12. Qxc3 Qc7 13. Rac1 b6 14. Rfd1 Bb7
15. Nd4 a6 16. f3 Rac8 17. Qd2 Rfd8 18. b4 Qe7 19. Nb3 Qe8 20. Qd4 Bc6 21. Qxb6
Rb8 22. Qa5 d5 23. Nc5 dxc4 24. Bxc4 Bb5 25. Bb3 Nd5 26. Re1 Qe7 27. a4 Be8 28.
Bxd5 Rxd5 29. Rc2 Qh4 30. Rb1 Rxb4 31. Qxb4 Rd1+ 32. Rxd1 Qxb4 33. Ra1 a5 34. g3
Kf8 35. Kf2 Ke7 36. e4 Qd4+ 0-1

[Event "WYCC U16 Open 2013"]
[Site "Al-Ain UAE"]
[Date "2013.12.21"]
[Round "4.58"]
[White "Sokac, Marko"]
[Black "Lopez Popov, Ivan"]
[Result "1-0"]
[WhiteElo "2038"]
[BlackElo "1735"]
[WhiteFideId "14531356"]
[BlackFideId "4002083"]
[EventDate "2013.12.18"]

1. e4 c5 2. Nf3 d6 3. d4 cxd4 4. Nxd4 Nf6 5. Nc3 Nc6 6. Bg5 e6 7. Qd2 a6 8.
O-O-O Bd7 9. f4 b5 10. Qe1 Qb6 11. Bxf6 gxf6 12. Nd5 Qd8 13. Nxc6 Bxc6 14. Qc3
Bxd5 15. exd5 Rc8 16. Qb3 e5 17. a4 Qa5 18. axb5 Qa1+ 19. Kd2 Qa5+ 20. c3 Bh6
21. bxa6 Bxf4+ 22. Kc2 O-O 23. Qb5 Qa2 24. Bd3 Rc5 25. Qb3 Qxb3+ 26. Kxb3 Rb8+
27. Kc2 Ra5 28. Ra1 Rxa1 29. Rxa1 Be3 30. Bf5 Ba7 31. Ra4 Kg7 32. Rc4 Rb6 33.
Bc8 Rb5 34. b4 Rb8 35. Bb7 Rd8 36. Rc6 f5 37. b5 Bc5 38. Rxc5 dxc5 39. a7 Kf6
40. Bc6 Ke7 41. b6 Kd6 42. b7 1-0

[Event "WYCC U16 Open 2013"]
[Site "Al-Ain UAE"]
[Date "2013.12.21"]
[Round "4.59"]
[White "Kenes, Aldiyar"]
[Black "Karunarathna, Chathupa Induwara"]
[Result "1-0"]
[WhiteElo "2026"]
[BlackElo "1734"]
[WhiteFideId "13707914"]
[BlackFideId "9904727"]
[EventDate "2013.12.18"]

1. e4 e6 2. d4 d5 3. Nc3 Bb4 4. e5 c5 5. a3 Bxc3+ 6. bxc3 Ne7 7. Qg4 O-O 8. Bd3
c4 9. Be2 Nbc6 10. h4 f5 11. Qh3 Qa5 12. Bd2 Qa4 13. Bd1 b5 14. Nf3 a5 15. Bc1
b4 16. Bb2 Rb8 17. axb4 Qb5 18. O-O axb4 19. cxb4 Qxb4 20. Ba3 Qc3 21. Ra2 Re8
22. Bd6 Rb6 23. Ra3 Qb2 24. c3 Ra6 25. Rxa6 Bxa6 26. Ng5 Nc8 27. Bc5 N8a7 28.
Qf3 Qb7 29. Bc2 g6 30. g4 h6 31. Nxe6 Rxe6 32. gxf5 Nxe5 33. dxe5 Rxe5 34. fxg6
Re8 35. Qf7+ Qxf7 36. gxf7+ Kxf7 37. Bxa7 Re2 38. Bd1 Rd2 39. Bd4 Ke6 40. Bf3
Bb7 41. Rb1 Bc8 42. Rb6+ Kf5 43. Rf6# 1-0

[Event "WYCC U16 Open 2013"]
[Site "Al-Ain UAE"]
[Date "2013.12.21"]
[Round "4.60"]
[White "Abbas, Hussein kzar"]
[Black "Lo, Ryan"]
[Result "1/2-1/2"]
[WhiteElo "1754"]
[BlackElo "2025"]
[WhiteFideId "4804937"]
[BlackFideId "2609088"]
[EventDate "2013.12.18"]

1. d4 Nf6 2. c4 g6 3. Nc3 d5 4. Nf3 Bg7 5. e3 O-O 6. cxd5 Nxd5 7. Bc4 e6 8. e4
Nxc3 9. bxc3 c5 10. Be3 Qa5 11. Qd2 Nc6 12. Rd1 b5 13. Be2 Bb7 14. O-O Rfd8 15.
Bh6 Bh8 16. Qe3 cxd4 17. cxd4 Ne7 18. Ne5 Nc6 19. f4 Qb6 20. Nxc6 Bxc6 21. e5
Rd7 22. Rd2 Rad8 23. Rfd1 b4 24. Bc4 Ba4 25. Bb3 Bxb3 26. axb3 Rc8 27. Rd3 Qb7
28. Qf3 Qxf3 29. Rxf3 Bg7 30. Bxg7 Kxg7 31. Rfd3 Rd5 32. Kf2 Kf8 33. Kf3 h5 34.
h3 Ke7 35. R1d2 Ra5 36. Ke4 Rd5 37. Ke3 a5 38. g3 Kd7 39. Ke4 Rc6 40. Rf2 1/2-1/2

[Event "WYCC U16 Open 2013"]
[Site "Al-Ain UAE"]
[Date "2013.12.21"]
[Round "4.61"]
[White "Hamdan, Marshool"]
[Black "Plotkin, Mark"]
[Result "0-1"]
[WhiteElo "1749"]
[BlackElo "1992"]
[WhiteFideId "9303804"]
[BlackFideId "2611651"]
[EventDate "2013.12.18"]

1. e4 e5 2. Nf3 Nf6 3. Nxe5 d6 4. Nf3 Nxe4 5. d4 d5 6. Bd3 Nc6 7. O-O Bg4 8. c4
Nf6 9. Bg5 Nxd4 10. Qe1+ Ne6 11. Bxf6 gxf6 12. cxd5 Qxd5 13. Be4 Qb5 14. Nc3 Qa6
15. Nd5 O-O-O 16. Nxf6 Bxf3 17. Bxf3 Bg7 18. Nd5 Nd4 19. Bg4+ Kb8 20. Nb4 Qg6
21. Qd1 a5 22. Bh5 Qf5 23. Bg4 Qb5 24. Nc2 Nb3 25. axb3 Rxd1 26. Rfxd1 Bxb2 27.
Rab1 Qxb3 28. Bf5 a4 29. Rd2 Re8 30. g3 Qc3 31. Rd3 Qxc2 32. Rd8+ Rxd8 33. Bxc2
a3 34. Bb3 c5 35. Bxf7 b5 36. Ba2 c4 37. Kg2 c3 38. Bb3 c2 39. Bxc2 a2 40. Bxh7
axb1=Q 41. Bxb1 Rd2 42. g4 Bd4 0-1

[Event "WYCC U16 Open 2013"]
[Site "Al-Ain UAE"]
[Date "2013.12.21"]
[Round "4.62"]
[White "Malhotra, Tarun"]
[Black "Cop, Jaka"]
[Result "1-0"]
[WhiteElo "1988"]
[BlackElo "1722"]
[WhiteFideId "5020549"]
[BlackFideId "14608383"]
[EventDate "2013.12.18"]

1. e4 c5 2. Nf3 Nc6 3. d4 cxd4 4. Nxd4 e5 5. Nb5 d6 6. N1c3 a6 7. Na3 Be7 8. Nc4
b5 9. Ne3 Nf6 10. Bd3 O-O 11. O-O Be6 12. a4 bxa4 13. Rxa4 a5 14. Bc4 Nb4 15.
Ned5 Nbxd5 16. Nxd5 Bd7 17. Ra3 Nxe4 18. Nxe7+ Qxe7 19. Bd5 Bf5 20. Bxa8 Rxa8
21. Qd5 Rc8 22. c3 a4 23. Rxa4 Nc5 24. Ra8 Rxa8 25. Qxa8+ Qf8 26. Qxf8+ Kxf8 27.
Be3 Na4 28. Bc1 Bd3 29. Rd1 e4 30. f3 f5 31. fxe4 fxe4 32. Kf2 Ke7 33. Ke3 Ke6
34. Kd4 Nc5 35. b4 Nb3+ 36. Ke3 Kd5 37. Bb2 Kc4 38. g4 d5 39. g5 d4+ 40. cxd4
Kxb4 41. d5 Kc5 42. Bxg7 Na5 43. h4 Nc4+ 44. Kf4 Kxd5 45. h5 Ke6 46. Bd4 Kf7 47.
Ra1 Ke6 48. Ra7 Kd5 49. Be3 Nd6 1-0

[Event "WYCC U16 Open 2013"]
[Site "Al-Ain UAE"]
[Date "2013.12.21"]
[Round "4.63"]
[White "Kwon, Sehyun"]
[Black "Cofre Archibold, Nestor"]
[Result "1-0"]
[WhiteElo "1706"]
[BlackElo "1966"]
[WhiteFideId "13203088"]
[BlackFideId "5122279"]
[EventDate "2013.12.18"]

1. e4 c5 2. Nf3 d6 3. Bb5+ Bd7 4. Bxd7+ Qxd7 5. O-O Nc6 6. c3 Nf6 7. Re1 e6 8.
d4 cxd4 9. cxd4 d5 10. e5 Ne4 11. Nbd2 Nxd2 12. Bxd2 Be7 13. Rc1 O-O 14. Rc3
Rfc8 15. a3 b5 16. Rd3 a5 17. Ng5 Bxg5 18. Bxg5 a4 19. Qg4 Ne7 20. Rg3 Nf5 21.
Bf6 g6 22. Rh3 Qa7 23. Qg5 Qxd4 24. g4 Rc2 25. Rf1 Rxb2 26. gxf5 Rb3 27. Rh4 1-0

[Event "WYCC U16 Open 2013"]
[Site "Al-Ain UAE"]
[Date "2013.12.21"]
[Round "4.64"]
[White "Casanovas Cantarero, Eric"]
[Black "Valkama, Eero"]
[Result "0-1"]
[WhiteElo "1705"]
[BlackElo "1960"]
[WhiteFideId "6900445"]
[BlackFideId "507555"]
[EventDate "2013.12.18"]

1. e4 e5 2. Nc3 Nc6 3. f4 Bc5 4. Nf3 d6 5. Bb5 Ne7 6. d3 a6 7. Ba4 O-O 8. Bd2
exf4 9. Bxf4 b5 10. Bb3 Na5 11. d4 Bb6 12. O-O Nxb3 13. axb3 Bb7 14. Qd3 b4 15.
Ne2 Ng6 16. Bg3 Re8 17. e5 dxe5 18. Nd2 exd4 19. Bf2 Qd5 20. Nf3 Ne5 21. Bxd4
Nxd3 0-1

[Event "WYCC U16 Open 2013"]
[Site "Al-Ain UAE"]
[Date "2013.12.21"]
[Round "4.65"]
[White "Kalra, Agastya"]
[Black "Al-Zaruoni, Fahad"]
[Result "1-0"]
[BlackTitle "CM"]
[WhiteElo "1956"]
[BlackElo "1649"]
[WhiteFideId "2604744"]
[BlackFideId "9300660"]
[EventDate "2013.12.18"]

1. e4 c6 2. d4 d5 3. Nc3 dxe4 4. Nxe4 Nf6 5. Nxf6+ exf6 6. Nf3 Bd6 7. Be3 O-O 8.
Be2 Qc7 9. O-O Re8 10. c4 Nd7 11. c5 Bf4 12. Bxf4 Qxf4 13. g3 Qh6 14. Nd2 b6 15.
Bf3 Bb7 16. Nc4 Ba6 17. Nd6 Bxf1 18. Qxf1 Re6 19. Bxc6 Rd8 20. d5 Re5 21. Nb7
Rb8 22. Bxd7 bxc5 23. Bc6 Rh5 24. d6 f5 25. d7 Qxc6 26. d8=Q+ Rxd8 27. Nxd8 Qh6
28. Qe2 g6 29. Qe8+ Qf8 30. Qxf8+ Kxf8 31. f4 g5 32. Rf1 g4 33. Nb7 c4 34. Nd6
c3 35. bxc3 Ke7 36. Nb5 a6 37. Nd4 Kd6 38. Re1 Kd5 39. Re5+ Kc4 40. Nxf5 Kxc3
41. Ne3 Rxe5 42. fxe5 h5 43. Nf5 Kc4 44. Nd6+ Kd5 45. Nxf7 Ke6 46. Kf2 Kxf7 47.
Ke3 Ke7 48. Ke4 Ke6 49. Kf4 a5 50. a4 Ke7 51. Kf5 Kf7 52. e6+ Ke7 53. Ke5 Ke8
54. Kf6 Kf8 55. Kg5 Ke7 56. Kxh5 Kxe6 57. Kxg4 Kf6 1-0

[Event "WYCC U16 Open 2013"]
[Site "Al-Ain UAE"]
[Date "2013.12.21"]
[Round "4.66"]
[White "Samuel, Ngieng Chew Sheng"]
[Black "Shavdirov, Jahongir"]
[Result "0-1"]
[WhiteElo "1580"]
[BlackElo "1922"]
[WhiteFideId "5713978"]
[BlackFideId "14204193"]
[EventDate "2013.12.18"]

1. e4 c5 2. Nf3 e6 3. d4 cxd4 4. Nxd4 Nf6 5. Nc3 Nc6 6. Be3 Bb4 7. f3 d5 8. Nxc6
bxc6 9. exd5 exd5 10. Bd2 O-O 11. Be2 Re8 12. O-O Bf5 13. Re1 Bd6 14. Bf1 Qb6+
15. Kh1 Qf2 16. Re2 Qh4 17. f4 Ng4 18. g3 Qh6 19. h4 Nf6 20. Kh2 g5 21. fxg5
Qxh4+ 22. Kg1 Qxg3+ 23. Rg2 Qh4 24. gxf6+ Kh8 25. Be1 Rxe1 0-1

[Event "WYCC U16 Open 2013"]
[Site "Al-Ain UAE"]
[Date "2013.12.21"]
[Round "4.71"]
[White "Volna, Lukas"]
[Black "Choi, Ian"]
[Result "1-0"]
[WhiteElo "1833"]
[BlackElo "1655"]
[WhiteFideId "14928728"]
[BlackFideId "13201379"]
[EventDate "2013.12.18"]

1. d4 Nf6 2. Bf4 g6 3. Nf3 Bg7 4. h3 O-O 5. Nbd2 c5 6. c3 d6 7. e3 Nc6 8. Bd3 e5
9. Bg5 exd4 10. cxd4 cxd4 11. e4 Be6 12. O-O Qb6 13. b3 Rac8 14. Re1 Nb4 15. Bc4
d5 16. exd5 Nfxd5 17. Ne4 h6 18. Bd2 Nc3 19. Nxc3 dxc3 20. Be3 Qc7 21. a3 Bxc4
22. axb4 Rfd8 23. Qc2 Bd3 24. Qc1 Kh7 25. Bc5 Re8 26. Rxe8 Rxe8 27. Rxa7 Re2 28.
Nd4 Rb2 29. Ra1 Bxd4 30. Bxd4 Rxb3 31. Ra8 g5 32. Rh8+ Kg6 33. Rg8+ Kf5 34. g4+
Ke6 35. Qe3+ Kd5 36. Qxd3 c2 37. Qxb3+ Kxd4 38. Qe3+ Kd5 39. Qd2+ Ke5 40. Re8+
Kf6 1-0

[Event "WYCC U16 Open 2013"]
[Site "Al-Ain UAE"]
[Date "2013.12.21"]
[Round "4.72"]
[White "Hamawi, Karim"]
[Black "Berman, Jacob"]
[Result "0-1"]
[WhiteElo "1640"]
[BlackElo "1795"]
[WhiteFideId "5303621"]
[BlackFideId "2071010"]
[EventDate "2013.12.18"]

1. e4 e6 2. d4 d5 3. Nd2 Nf6 4. e5 Nfd7 5. f4 c5 6. c3 Nc6 7. Ndf3 Qb6 8. Ne2 f6
9. a3 Be7 10. Ng3 O-O 11. Bd3 Kh8 12. Bc2 Rf7 13. Qd3 Nf8 14. O-O Bd7 15. Be3
cxd4 16. cxd4 Na5 17. Rfb1 Rc8 18. b3 Bb5 19. Qd2 Bd8 20. a4 Ba6 21. Bd1 Rfc7
22. b4 Nc4 23. Qf2 Nxe3 24. Qxe3 Rc3 25. Qd2 Bd3 26. Rb2 Ng6 27. b5 fxe5 28.
fxe5 Nh4 29. Ne2 Nxf3+ 30. gxf3 Bxe2 31. Bxe2 Bh4 32. a5 Qd8 33. a6 b6 34. Bd3
Bg5 35. f4 Bxf4 36. Qxf4 Rxd3 37. Rf2 h6 38. Raf1 Qg5+ 39. Qxg5 hxg5 40. Rf8+
Rxf8 41. Rxf8+ Kh7 42. Rf7 Rxd4 43. Rxa7 Rb4 44. Re7 Rxb5 45. Rxe6 d4 46. a7 Ra5
47. Rxb6 Rxa7 48. Rd6 Re7 49. Rxd4 Rxe5 50. Kg2 Re3 51. Rg4 Kg6 52. Rg3 Re2+ 53.
Kg1 Kf5 54. Kh1 Kf4 55. Ra3 g4 56. Ra1 g6 57. Rf1+ Kg5 58. Kg1 Ra2 59. Rf8 g3
60. hxg3 Kg4 61. Rg8 g5 62. Kf1 Kf3 63. Rf8+ Kxg3 64. Rh8 g4 65. Rh7 Ra1+ 66.
Ke2 Kg2 67. Ke3 g3 68. Ke2 Ra8 69. Ke1 Re8+ 70. Kd2 Kg1 71. Rh6 g2 72. Rh7 Re5
73. Rh8 Kf2 74. Rf8+ Kg3 75. Rg8+ Kf3 76. Kd1 Re4 0-1

[Event "WYCC U16 Open 2013"]
[Site "Al-Ain UAE"]
[Date "2013.12.21"]
[Round "4.74"]
[White "Gamage, Chathulanka"]
[Black "Alasgarov, Alasgar Habil"]
[Result "1-0"]
[WhiteElo "1745"]
[BlackElo "1638"]
[WhiteFideId "9908102"]
[BlackFideId "13405675"]
[EventDate "2013.12.18"]

1. d4 d5 2. c4 e6 3. Nc3 Nf6 4. Bg5 Be7 5. e3 O-O 6. cxd5 Nxd5 7. Bxe7 Qxe7 8.
Bd3 Nd7 9. Nge2 N7f6 10. O-O b6 11. e4 Nb4 12. Bb1 Bb7 13. a3 Na6 14. e5 Nd5 15.
Nxd5 Bxd5 16. Qd3 g6 17. Qxa6 Qg5 18. f3 h5 19. Qd3 b5 20. b3 a6 21. Ng3 c6 22.
Ne4 Qh6 23. Ba2 Qf4 24. b4 Rfc8 25. Qd2 Qxd2 26. Nxd2 Rd8 27. Bxd5 cxd5 28. Nb3
Rdc8 29. Rac1 Rc4 30. Kf2 Rac8 31. Rxc4 dxc4 32. Nc5 Rc6 33. Ke3 Kf8 34. Ra1 Ke7
35. a4 Rb6 36. axb5 axb5 37. Ra7+ Ke8 38. Rb7 1-0

[Event "WYCC U16 Open 2013"]
[Site "Al-Ain UAE"]
[Date "2013.12.21"]
[Round "4.75"]
[White "Rodgers, Philippe"]
[Black "Emad, Majdlawy"]
[Result "1-0"]
[WhiteElo "1735"]
[BlackElo "1470"]
[WhiteFideId "1801473"]
[BlackFideId "8106070"]
[EventDate "2013.12.18"]

1. c4 c5 2. g3 g6 3. Bg2 Bg7 4. Nc3 Nc6 5. e3 Nh6 6. Nge2 O-O 7. O-O d6 8. d3
Bg4 9. h3 Bd7 10. Rb1 Qc8 11. Kh2 f5 12. b3 Nf7 13. d4 e5 14. d5 Ne7 15. e4 Rb8
16. Qd3 Nh6 17. f4 Nf7 18. a4 fxe4 19. Nxe4 Bf5 20. g4 Bxe4 21. Qxe4 Qd7 22. f5
Nh8 23. Ng3 Rf7 24. Rb2 Rbf8 25. Rbf2 a6 26. Bg5 h6 27. Be3 b5 28. axb5 axb5 29.
h4 gxf5 30. gxf5 bxc4 31. bxc4 Rf6 32. Bh3 Qe8 33. Qg4 Kh7 34. Nh5 R6f7 35. f6
Rg8 36. fxg7 Rxf2+ 37. Rxf2 Neg6 38. Nf6+ 1-0

[Event "WYCC U16 Open 2013"]
[Site "Al-Ain UAE"]
[Date "2013.12.21"]
[Round "5.1"]
[White "Duda, Jan-Krzysztof"]
[Black "Paravyan, David"]
[Result "1/2-1/2"]
[WhiteTitle "GM"]
[BlackTitle "IM"]
[WhiteElo "2557"]
[BlackElo "2441"]
[WhiteFideId "1170546"]
[BlackFideId "4194985"]
[EventDate "2013.12.18"]

1. e4 e5 2. Nf3 Nc6 3. Bb5 Nf6 4. d3 Bc5 5. c3 O-O 6. O-O d6 7. Nbd2 a6 8. Ba4
b5 9. Bc2 Bb6 10. a4 Bb7 11. Nh4 Ne7 12. Qf3 Qd7 13. h3 Rad8 14. axb5 axb5 15.
Nb3 Ne8 16. g4 Qe6 17. Be3 c5 18. Na5 Ba8 19. b4 Rc8 20. Nb3 c4 21. Nd2 Bxe3 22.
Qxe3 d5 23. dxc4 bxc4 24. Rfe1 Nd6 25. Nf5 Nb5 26. Ra5 Nxf5 27. gxf5 Qd7 28. f6
Rc6 29. Rxb5 Rxf6 30. Rxd5 Bxd5 31. exd5 Qxd5 32. Be4 Qe6 33. Kf1 Rd8 34. Bg2 h6
35. Ne4 Rf4 36. Nc5 Qf5 37. Kg1 Qc2 38. Re2 Rd1+ 39. Kh2 Qf5 40. b5 e4 41. Bxe4
Rxe4 42. Qxe4 Qxc5 43. Qe5 Qxe5+ 44. Rxe5 Rb1 45. Rc5 Rb3 46. Rxc4 Rxb5 47. Kg3
g5 48. h4 gxh4+ 49. Rxh4 1/2-1/2

[Event "WYCC U16 Open 2013"]
[Site "Al-Ain UAE"]
[Date "2013.12.21"]
[Round "5.2"]
[White "Sanal, Vahap"]
[Black "Vorontsov, Pavlo"]
[Result "1/2-1/2"]
[WhiteTitle "IM"]
[BlackTitle "FM"]
[WhiteElo "2397"]
[BlackElo "2392"]
[WhiteFideId "6300545"]
[BlackFideId "14116367"]
[EventDate "2013.12.18"]

1. e4 c5 2. Nf3 d6 3. d4 cxd4 4. Nxd4 Nf6 5. Nc3 a6 6. f3 e5 7. Nb3 Be6 8. Be3
Be7 9. Qd2 O-O 10. O-O-O Nbd7 11. g4 b5 12. g5 b4 13. Ne2 Ne8 14. f4 a5 15. f5
a4 16. Nbd4 exd4 17. Nxd4 b3 18. Kb1 bxc2+ 19. Nxc2 Bb3 20. axb3 axb3 21. Na3 d5
22. Qxd5 Bxa3 23. Qxd7 Qa5 24. Qb5 1/2-1/2

[Event "WYCC U16 Open 2013"]
[Site "Al-Ain UAE"]
[Date "2013.12.21"]
[Round "5.3"]
[White "Brown, Michael William"]
[Black "Karthikeyan, Murali"]
[Result "1/2-1/2"]
[BlackTitle "IM"]
[WhiteElo "2272"]
[BlackElo "2431"]
[WhiteFideId "2037602"]
[BlackFideId "5074452"]
[EventDate "2013.12.18"]

1. d4 d5 2. c4 e6 3. Nc3 Be7 4. cxd5 exd5 5. Bf4 Nf6 6. e3 O-O 7. Bd3 c6 8. Qc2
Nbd7 9. Nf3 Re8 10. O-O Nf8 11. Rab1 a5 12. h3 Ne6 13. Bg3 g6 14. Rfc1 Ng7 15.
Na4 Bf5 16. a3 Bxd3 17. Qxd3 Ne4 18. Bh2 Nf5 19. Qc2 Bh4 20. Rf1 Be7 21. Rfc1
Bh4 1/2-1/2